<?xml version="1.0" encoding="UTF-8"?>
<record
    xmlns:xsi="http://www.w3.org/2001/XMLSchema-instance"
    xsi:schemaLocation="http://www.loc.gov/MARC21/slim http://www.loc.gov/standards/marcxml/schema/MARC21slim.xsd"
    xmlns="http://www.loc.gov/MARC21/slim">

  <leader>01950nam a2200313Ia 4500</leader>
  <controlfield tag="001">F6691</controlfield>
  <controlfield tag="003">IT-RoPAU</controlfield>
  <controlfield tag="008">130308s9999    xx            000 0 und d</controlfield>
  <datafield tag="040" ind1=" " ind2=" ">
    <subfield code="a">IT-RoPAU</subfield>
  </datafield>
  <datafield tag="040" ind1=" " ind2=" ">
    <subfield code="c">IT-RoPAU</subfield>
  </datafield>
  <datafield tag="041" ind1=" " ind2=" ">
    <subfield code="a">ITALIANO</subfield>
  </datafield>
  <datafield tag="100" ind1=" " ind2=" ">
    <subfield code="a">Verna Tony</subfield>
  </datafield>
  <datafield tag="100" ind1=" " ind2=" ">
    <subfield code="g">Codice Aut. SPICS: 36276</subfield>
  </datafield>
  <datafield tag="240" ind1=" " ind2=" ">
    <subfield code="a">GLOBAL TELEVISION</subfield>
  </datafield>
  <datafield tag="240" ind1=" " ind2=" ">
    <subfield code="g">Codice Tit. Orig. Spics: T3175</subfield>
  </datafield>
  <datafield tag="245" ind1=" " ind2=" ">
    <subfield code="a">Televisione globale (La). Come produrre la televisione del futuro</subfield>
  </datafield>
  <datafield tag="245" ind1=" " ind2=" ">
    <subfield code="b">Televisione Globale (La). Come produrre la Televisione del Futuro</subfield>
  </datafield>
  <datafield tag="250" ind1=" " ind2=" ">
    <subfield code="a">1a ed.</subfield>
  </datafield>
  <datafield tag="260" ind1=" " ind2=" ">
    <subfield code="a">ROMA</subfield>
  </datafield>
  <datafield tag="260" ind1=" " ind2=" ">
    <subfield code="b">Gremese</subfield>
  </datafield>
  <datafield tag="260" ind1=" " ind2=" ">
    <subfield code="c">1999 [1&#xB0; Ed.:1999 - Ed.Ling.Originale:1993]</subfield>
  </datafield>
  <datafield tag="300" ind1=" " ind2=" ">
    <subfield code="a">"288 p. (prefazione: no ; testo: 288 [pagine: 0-0])"</subfield>
  </datafield>
  <datafield tag="500" ind1=" " ind2=" ">
    <subfield code="a">Anatomia di una Trasmissione Globale: Definire la Televisione Globale, Live Aid. mezzi della Trasmissione televisiva Globale: satelliti Come Strumenti di Produzione, Cablaggio a Fibre Ottiche, Dispositivi Ad Accoppiamento Dicarica (Ccd), tecnologia Analogico/Digitale. creare una Trasmissione Globale: Preliminari e bilancio Preventivo, Come Assumere Lo Staff, Come Effettuare Sopralluoghi e Lavorare con Location Remote, Come comunicare con Lo Staff, Come produrre una Serie, Come Ingaggiare e Dirigere gli Artisti, Come creare Copioni e Scalette. tecnologia della Trasmissione: Trasmissione via Satellite, Come le Esigenze del Pubblico Influenzano le Tecniche di Trasmissione, Trasmissione Televisiva, convergenza dei mezzi di Comunicazione e Standard. tendenze Globali: tendenze Nei Notiziari, tendenze nelle Trasmissioni Sportive e nelle Pay per View, tendenze Nello Spettacolo, tendenze nella Coproduzione, tendenze Tecniche, Occupazione: Uno Sguardo al Futuro. Una Visione Globale: guardando nella sfera di Cristallo. Standard Televisivi nel Mondo. Glossario.</subfield>
  </datafield>
  <datafield tag="650" ind1=" " ind2=" ">
    <subfield code="a">INDUSTRIA TELEVISIVA</subfield>
  </datafield>
  <datafield tag="650" ind1=" " ind2=" ">
    <subfield code="e">Codice materia Spics: 6956</subfield>
  </datafield>
  <datafield tag="942" ind1=" " ind2=" ">
    <subfield code="c">BK</subfield>
  </datafield>
  <datafield tag="957" ind1=" " ind2=" ">
    <subfield code="7">1</subfield>
  </datafield>
  <datafield tag="999" ind1=" " ind2=" ">
    <subfield code="c">94003</subfield>
    <subfield code="d">94003</subfield>
  </datafield>
  <datafield tag="999" ind1=" " ind2=" ">
    <subfield code="g">1</subfield>
  </datafield>
  <datafield tag="952" ind1=" " ind2=" ">
    <subfield code="0">0</subfield>
    <subfield code="1">0</subfield>
    <subfield code="4">0</subfield>
    <subfield code="6">F_000000000000000_6691</subfield>
    <subfield code="7">1</subfield>
    <subfield code="a">SPICS</subfield>
    <subfield code="b">SPICS</subfield>
    <subfield code="d">2013-03-08</subfield>
    <subfield code="l">0</subfield>
    <subfield code="o">F6691</subfield>
    <subfield code="r">2013-03-08 00:00:00</subfield>
    <subfield code="w">2013-03-08</subfield>
    <subfield code="y">BK</subfield>
    <subfield code="z">Progressivo inserimento:  44581 /  N. Volumi: 1 Copie: 1  / data import: 1 marzo 2013 - By Epidotti, Trombetti, Vaglietti. </subfield>
  </datafield>
</record>
